Handbook of simulation : principles, methodology, advances, applications, and practice /
Guardado en:
| Otros Autores: | |
|---|---|
| Formato: | Libro |
| Idioma: | English |
| Publicado: |
New York :
John Wiley & Sons,
c1998.
|
| Materias: | |
| Etiquetas: |
Agregar Etiqueta
Sin Etiquetas, Sea el primero en etiquetar este registro!
|
| LEADER | 00801nam a22002055 4500 | ||
|---|---|---|---|
| 001 | EAD.ead003174 | ||
| 008 | 080718s1998####xxua#####bf###001#0#eng#d | ||
| 005 | 20120601132737.0 | ||
| 245 | 0 | 0 | |a Handbook of simulation : |b principles, methodology, advances, applications, and practice / |c edited by Jerry Banks. |
| 260 | |a New York : |b John Wiley & Sons, |c c1998. | ||
| 300 | |a xii, 848 p. : |b il. ; |c 24 cm. | ||
| 500 | |a "A Wiley-Interscience publication". | ||
| 504 | |a Incluye referencias bibliográficas e índice. | ||
| 020 | |a 0471134031 | ||
| 700 | 1 | |a Banks, Jerry. | |
| 082 | 0 | 4 | |a 658.4035 |2 21 |
| 650 | 7 | |a Simulación por computadora. |2 unbist | |
| 650 | 7 | |a Métodos de simulación. |2 unbist | |
| 650 | 7 | |a Investigación de operaciones. |2 unbist | |
| 859 | |a AR-BaBDC |b BIB. ADMINISTRACION - Libros |h 658.4035 |i B226 |p b04511 | ||
